US states where biggest percentage of their area is land - Statistics

General Stats
  • This quiz has been taken 25 times
  • The average score is 8 of 10
Answer Stats
% Answer % Correct
0.63 Kansas
100%
1.02 Montana
100%
0.35 Arizona
89%
0.43 Colorado
89%
0.24 New Mexico
89%
0.68 Nebraska
84%
0.74 Wyoming
84%
0.72 Nevada
79%
0.74 Iowa
63%
0.79 West Virginia
58%
No matching quizzes found
Score Distribution
Percent of People with Each Score
Percentile by Number Answered
Your Score History
You have not taken this quiz